|
|
|
|
| LEADER |
01794nam a2200481 a 4500 |
| 001 |
nkc20142582790 |
| 003 |
CZ PrNK |
| 005 |
20140509084147.0 |
| 007 |
ta |
| 008 |
140403s2013 xr a e p 000 0 cze |
| 015 |
|
|
|a cnb002582790
|
| 020 |
|
|
|a 978-80-244-3849-8
|q (brož.) :
|c neprodejné
|
| 035 |
|
|
|a (OCoLC)880869038
|
| 040 |
|
|
|a OLA001
|b cze
|
| 072 |
|
7 |
|a 91
|x Geografie jako věda. Výzkum. Cestování
|2 Konspekt
|9 7
|
| 072 |
|
7 |
|a 37.016
|x Učební osnovy. Vyučovací předměty. Učebnice
|2 Konspekt
|9 22
|
| 080 |
|
|
|a 91
|2 MRF
|
| 080 |
|
|
|a 37.016.026
|2 MRF
|
| 080 |
|
|
|a (075.8)
|2 MRF
|
| 100 |
1 |
|
|a Mísařová, Darina
|7 xx0184379
|4 aut
|
| 245 |
1 |
0 |
|a Kapitoly z didaktiky geografie 1 /
|c Darina Mísařová, Jan Hercik
|
| 250 |
|
|
|a 1. vyd.
|
| 260 |
|
|
|a Olomouc :
|b Univerzita Palackého v Olomouci,
|c 2013
|
| 300 |
|
|
|a 59 s. :
|b il. ;
|c 29 cm
|
| 490 |
1 |
|
|a Studijní opory
|
| 500 |
|
|
|a Nad názvem: Univerzita Palackého v Olomouci, Přírodovědecká fakulta
|
| 504 |
|
|
|a Obsahuje bibliografii
|
| 650 |
0 |
7 |
|a zeměpis
|7 ph116771
|2 czenas
|
| 650 |
0 |
7 |
|a geografie
|7 ph114618
|2 czenas
|
| 650 |
0 |
7 |
|a předmětová didaktika
|7 ph162893
|2 czenas
|
| 650 |
0 |
9 |
|a geography (school subject)
|2 eczenas
|
| 650 |
0 |
9 |
|a geography
|2 eczenas
|
| 650 |
0 |
9 |
|a teaching school subjects
|2 eczenas
|
| 655 |
|
7 |
|a učebnice vysokých škol
|7 fd133772
|2 czenas
|
| 655 |
|
9 |
|a textbooks (higher)
|2 eczenas
|
| 700 |
1 |
|
|a Hercik, Jan,
|d 1984-
|7 mzk2014807694
|4 aut
|
| 710 |
2 |
|
|a Univerzita Palackého.
|b Přírodovědecká fakulta
|7 kn20010709377
|
| 810 |
2 |
|
|a Univerzita Palackého.
|t Studijní opory
|0 s
|
| 910 |
2 |
|
|a BOA001
|b 4-1325.185
|
| 990 |
|
|
|a BK
|
| 995 |
|
|
|a 01
|
| 991 |
|
|
|b 201404
|c NOV
|e n
|
| 996 |
6 |
|
|b 2610587610
|c 4-1325.185
|l MZK
|r Sklad / do 1 hodiny
|n 4
|p p.v.
|w 001414128
|u 000010
|a 1
|e BOA001
|j MZK50
|s P
|